Argos (Record no. 25387)

MARC details
000 -LEADER
campo de control de longitud fija 01016nam a2200241 i 4500
001 - NÚMERO DE CONTROL
campo de control 25387
003 - IDENTIFICADOR DE NÚMERO DE CONTROL
campo de control ES-MaACL
005 - FECHA Y HORA DE LA ÚLTIMA TRANSACCIÓN
campo de control 20251013193705.0
007 - CAMPO FIJO DE DESCRIPCIÓN FÍSICA--INFORMACIÓN GENERAL
campo de control de longitud fija t|
008 - DATOS DE LONGITUD FIJA--INFORMACIÓN GENERAL
campo de control de longitud fija 021226m19701973sp abo e ||||1|dspa d
080 ## - NÚMERO DE LA CLASIFICACIÓN DECIMAL UNIVERSAL
Número de la Clasificación Decimal Universal 030
080 ## - NÚMERO DE LA CLASIFICACIÓN DECIMAL UNIVERSAL
Número de la Clasificación Decimal Universal 03=60
245 00 - MENCIÓN DEL TÍTULO
Título Argos
Resto del título : enciclopedia general : [edición española] /
Mención de responsabilidad, etc. [director, Enrique Sordo ; dibujantes, Ismael Balanyà, Ángel Lagueruela].
246 30 - FORMA VARIANTE DEL TITULO
Título propio/Titulo breve Enciclopedia general
260 ## - PUBLICACIÓN, DISTRIBUCIÓN, ETC.
Lugar de publicación, distribución, etc. Barcelona :
Nombre del editor, distribuidor, etc. Argos,
Fecha de publicación, distribución, etc. [1970-73]
300 ## - DESCRIPCIÓN FÍSICA
Extensión 9 v. :
Otras características físicas il. col. y n., mapas, fot. ;
Dimensiones 28 cm.
505 8# - NOTA DE CONTENIDO CON FORMATO
Nota de contenido con formato Contiene: t. I ;
Título Aalsmeer-Bizet - t. II ;
-- Blanc-Czerny - t. III ;
-- Chablis-Fedra - t. IV ;
-- Fedro-Huygens - t. V ;
-- Iba-Malawi - t. VI ;
-- Malaya-Nomo - t. VII ;
-- Nonell-Pólder - t. VIII ;
-- Polea-Ryswick - t. IX ;
-- S.A.-Toynbee
650 ## - PUNTO DE ACCESO ADICIONAL DE MATERIA--TÉRMINO DE MATERIA
Término de materia o nombre geográfico como elemento de entrada Enciclopedias.
9 (RLIN) 12235
700 1# - ENTRADA AGREGADA--NOMBRE PERSONAL
Nombre de persona Sordo, Enrique.
9 (RLIN) 107330
700 1# - ENTRADA AGREGADA--NOMBRE PERSONAL
Nombre de persona Balanyà, Ismael,
Fechas asociadas al nombre 1921-
9 (RLIN) 161475
852 ## - LOCALIZACIÓN
Ubicación ES-MaACL
Número de control de estantería L-31143-51
Nota libre - enc. guaflex
condición física (Falta v. 10)
Holdings
Estatus retirado Estado de pérdida Estado de daño No para préstamo Colección Biblioteca de origen Biblioteca actual Ubicación en estantería Fecha de adquisición Fuente de adquisición Total de préstamos Signatura topográfica completa Código de barras Visto por última vez Precio de reemplazo Tipo de ítem Koha
        Colección de referencia Biblioteca del Ateneo de Madrid Biblioteca del Ateneo de Madrid Depósito 2 17/01/2008     L-31143-51 1026173 23/02/2023 23/02/2023 Libro impreso